000 00989cab a2200289 4500
001 ABS52568
008 090401t1995 xxu||||| |||| 00| 0 eng d
035 _a(Sirsi) u84953
041 _aeng
100 _aHoggart, K.
245 _aGeographical differences in British property acquisitions in rural France
260 _c1995
350 _a0
490 _aGeographical Journal
_v161(1) March 1995, 69-78(6)
520 _aReports the findings of a study into patterns of house buying in France by British purchasers. Identifies several motives for acquiring French property and how they translate into the selection of different locations.
650 _aBRITISH HOME ACQUISITIONS
650 _aFRANCE
650 _aHOLIDAY HOMES
650 _aHOUSING
650 _aMIGRATION
650 _aSECOND HOMES
690 _aPROPERTY-RESIDENTIAL PROPERTY-RESIDENTIAL PROPERTY MARKET
690 _aOVERSEAS-EUROPE
700 _aBuller, H.
942 _n0
948 _c04/03/1997
999 _c53411
_d53411